LEADER 01527nam a2200313 i 4500 001 000000120306 003 CaOOAMICUS 005 20040914000000.0 008 040914s2003 it u000 u ita u 013 $a93000 020 $a88-343-1086-1 040 $aSeMil$bita 100 1 $aGregorini, Giovanni.$0(OLS)http://semarc/name/50075 245 13$aIl frutto della gabella :$bLa Ferma generale a Milano nel cuore del Settecento economico lombardo /$cGiovanni Gregorini. 260 $aMilano :$bVita e Pensiero,$cCopyr. 2003. 300 $aIX, 437 p. :$btabelle ;$c22 cm. 490 0 $aV&P Università. Storia. Ricerche 500 $aContiene : Appendice. - Dono del Card. Dionigi Tettamanzi. 650 4$aMilano (Ducato) - Ferma generale - Storia - 1751-1770.$0(OLS)http://semarc/subject/22641 650 4$aMilano (Ducato) - Politica fiscale - Storia - Sec. 18.$0(OLS)http://semarc/subject/22642 650 4$aDazi - Milano (Ducato) - Storia - Sec. 18.$0(OLS)http://semarc/subject/22643 830 0$aStoria. Ricerche.$0(OLS)http://semarc/title/9818 850 $aSeMil 852 $aSeMil$W1$xVenegono$y1$m3O II 81$j75494$B75494$CSeMilBibl$Z2$F86383 $81 941 1 $a5 961 $aOmaggio: Tettamanzi Card. Dionigi 996 $6020$a88-343-1086-1$9(OLS)http://semarc/number/105499 996 $6245$aIl frutto della gabella :$bLa Ferma generale a Milano nel cuore del Settecento economico lombardo$9(OLS)http://semarc/title/177018 996 $6260$aMilano :$bVita e Pensiero$9(OLS)http://semarc/publisher/29642 LEADER 01506nam a2200229 i 4500 001 000000009090 003 CaOOAMICUS 005 20180830125439.0 008 180830s1905 it u000 u ita u 040 $aSeMil$bita 245 10$aTheologia moralis. 250 $aEditio nova, cum antiquis editionibus ... notisque criticis et commentariis illustrata. 300 $a4 v. 650 4$aTeologia morale.$0(OLS)http://semarc/subject/91 700 1 $aGaudé, Leonardo.$0(OLS)http://semarc/name/4501 700 1 $aLiguori, Alfonso Maria : de' ,$c.$0(OLS)http://semarc/name/4500 773 0 $aLiguori, Alfonso Maria : de' $tOpera moralia.$w()9148 774 0 $tTractatus de conscientia, de legibus, de virtutibus theologicis, et de primis sex Decalogi praeceptis.$dRomae : Ex Typographia Vaticana, 1905.$gTomus1$w()50259 774 0 $tTractatus de matrimonio, et de censuris, praxim confessarii, examen ordinandorum ac Indices Generales.$dRomae : Typis Polyglottis Vaticanis, 1912.$gTomus4$w()114595 774 0 $tTractatus de Sacramentis in genere, de Baptismo et Confirmatione, de Eucharistia, de Poenitentia, de Extrema Unctione et Ordine.$dRomae : Typis Polyglottis Vaticanis, 1909.$gTomus3$w()114596 774 0 $tTractatus de septimo et octavo Decalogi praeceptis, de praeceptis Ecclesiae, de statibus particularibus, de actibus humanis et de peccatis.$dRomae : Ex Typographia Vaticana, 1907.$gTomus2$w()114597 996 $6245$aTheologia moralis$9(OLS)http://semarc/title/2731